Rahsia sukses membangunkan kecerdasan emosi dan spritual ESQ=emotional spiritual quotient /

Bibliographic Details
Main Author: Agustian, Ary Ginanjar
Other Authors: HS Habib Adnan
Format: Book
Published: Jakarta: Arga Publishing, 2001.
Subjects:
LEADER 00892cam a2200253 7i4500
001 0000062511
005 20151104090000.0
005 ##20151104184800.0
003 ##MY-KlINT
020 # # |a 9799627109  
039 # 9 |y 201511041848  |z VLOAD 
090 0 0 |a 152.4 AGU  
100 1 # |a Agustian, Ary Ginanjar. 
245 1 0 |a Rahsia sukses membangunkan kecerdasan emosi dan spritual ESQ=emotional spiritual quotient /   |c Ary Ginanjar Agustian ; pengantar HS Habib Adnan.. 
260 # # |a Jakarta:   |b Arga Publishing,   |c 2001. 
300 # # |a xxvi, 436ms:   |b ill;   |c 23cm. 
650 # 0 |a Self-confidence'  
700 0 # |a HS Habib Adnan.  
996 |a ikwas2010.out 
997 |a 3000013308  |b IKWS  |c MNF  |d BOK 
997 |a 3000013309  |b IKWS  |c MNF  |d BOK 
998 |a 0000009492 
999 |a 3000013308  |b BOOK  |c Main Non-Fiction  |e INTAN Kampus Wilayah Selatan 
999 |a 3000013309  |b BOOK  |c Main Non-Fiction  |e INTAN Kampus Wilayah Selatan